| 000 | 00723nam a2200217 i 4500 | ||
|---|---|---|---|
| 001 | 128653 | ||
| 003 | ES-MaACL | ||
| 005 | 20230906193333.0 | ||
| 007 | t| | ||
| 008 | 070521s1974 sp ||||1| spa d | ||
| 080 | _a336.215.2.026.5:351.713(46)"19" | ||
| 080 | _a351.713(46)"19":336.215.2.026.5 | ||
| 245 | 0 | 0 |
_aTarifas de industrial _b: (Licencia fiscal del impuesto industrial) / _cpor Manuel Abella Poblet. |
| 250 | _a22ª ed. | ||
| 260 |
_aMadrid : _bEl Consultor de los Ayuntamientos y de los Juzgados, _c1974. |
||
| 300 |
_a575 p. ; _c21 cm. |
||
| 650 | 4 |
_aImpuesto industrial- _zEspaña. _9153889 |
|
| 700 | 1 |
_aAbella Poblet, Manuel, _918052 |
|
| 852 |
_aES-MaACL _jE-7580 _bR.91838 |
||
| 999 |
_c128653 _d128653 |
||